000 00326nam a22001457a 4500
003 SGT
020 _a978-0-323-35992-9
082 _a610.7368
_bF17V
100 _aVALFRE, MORRISON
245 _aFOUNDATIONS OF MENTAL HEALTH CARE
250 _a6TH
260 _aLOUIS
_bELSEVIER
_c2017
300 _a434
942 _2ddc
_cBK
999 _c15208
_d15208